Most important author by language - Statistics

General Stats
  • This quiz has been taken 80 times
  • The average score is 9 of 20
Answer Stats
Language Work Author % Correct
English Hamlet William Shakespeare
97%
Ancient Greek Iliad Homer
94%
Italian Divine Comedy Dante Alighieri
90%
Arabic Quran Muhammad
85%
Russian War and Peace Leo Tolstoy
79%
Spanish Don Quixote Miguel de Cervantes
75%
German Faust Johann Wolfgang von Goethe
71%
Danish The Little Mermaid Hans Christian Andersen
63%
French Tartuffe Molière
40%
Hebrew Genesis Moses
40%
Latin De re publica Cicero
32%
Norwegian Peer Gynt Henrik Ibsen
32%
Portuguese Os Lusíadas Luís de Camões
17%
Polish Dziady Adam Mickiewicz
14%
Swedish The Red Room August Strindberg
8%
Esperanto Unua Libro L. L. Zamenhof
8%
Ukrainian Testament Taras Shevchenko
7%
Dutch Gijsbrecht van Aemstel Joost van den Vondel
4%
Romanian Luceafărul Mihai Eminescu
3%
Bulgarian In the Tavern Hristo Botev
1%
No matching quizzes found
Score Distribution
Percent of People with Each Score
Percentile by Number Answered
Your Score History
You have not taken this quiz